[Event "39th Olympiad Women"]
[Site "Khanty-Mansiysk RUS"]
[Date "2010.10.01"]
[Round "10"]
[White "Smith, Javanna"]
[Black "Emhemed, Inas"]
[Result "1/2-1/2"]
[WhiteTitle "WCM"]
[BlackTitle "WCM"]
[WhiteElo "1796"]
[BlackElo "1493"]
[Board "56.2"]
[WhiteTeam "TRI"]
[BlackTeam "LBA"]
[WhiteFideId "7700466"]
[BlackFideId "9200789"]
[EventDate "2010.09.21"]
[EventType "team"]

1. e4 e5 2. Nf3 Nc6 3. Bb5 Bc5 4. Nc3 d6 5. d3 h6 6. O-O Bg4 7. h3 Bh5 8. Be3
Bxe3 9. fxe3 Nf6 10. Qd2 O-O 11. Qf2 Qe7 12. Ne2 Bg6 13. Bc4 Na5 14. Bd5 Nxd5
15. exd5 e4 16. dxe4 Bxe4 17. Ned4 Bxd5 18. Nf5 Qf6 19. Ng3 Bxf3 20. gxf3 Qxb2
21. Rfd1 Qf6 22. Rab1 b6 23. Ne4 Qg6+ 24. Kh1 f5 25. Rg1 Qf7 26. Nc3 Nc4 27. Nb5
c6 28. Nd4 c5 29. Ne2 Rae8 30. Rb3 Re7 31. Qh4 Kh8 32. Nf4 Ne5 33. Rg3 Kh7 34.
Nd5 Qxd5 35. Qxe7 Rf7 36. Qh4 Qd1+ 37. Rg1 Qxf3+ 38. Kh2 Qe2+ 39. Kg3 Nf3 40.
Qh5 Nxg1 41. Qxf7 Qf3+ 42. Kh2 Qf2+ 43. Kh1 Nf3 44. Qxf5+ Kg8 45. Qe6+ Kh8 46.
Qc8+ Kh7 47. Qf5+ Kg8 48. Qe6+ Kf8 49. Qf5+ Ke7 50. Qe4+ 1/2-1/2

[Event "39th Olympiad Women"]
[Site "Khanty-Mansiysk RUS"]
[Date "2010.10.03"]
[Round "11"]
[White "Pogonina, Natalija"]
[Black "Kosintseva, Tatiana"]
[Result "1/2-1/2"]
[WhiteTitle "WGM"]
[BlackTitle "GM"]
[WhiteElo "2491"]
[BlackElo "2573"]
[Board "1.1"]
[WhiteTeam "RUS2"]
[BlackTeam "RUS1"]
[WhiteFideId "4147855"]
[BlackFideId "4133471"]
[EventDate "2010.09.21"]
[EventType "team"]

1. e4 e5 2. Nf3 Nc6 3. Bb5 a6 4. Ba4 Nf6 5. O-O Be7 6. d3 b5 7. Bb3 d6 8. a4 b4
9. a5 O-O 10. Nbd2 Be6 11. Nc4 Rb8 12. Be3 Qc8 13. h3 Qb7 14. Qe2 h6 15. Rfe1
Nd7 16. Nfd2 Bf6 17. c3 Rfd8 18. Reb1 Nf8 19. Ba4 Ng6 20. Rc1 d5 21. exd5 Bxd5
22. Qg4 Be7 23. Bc2 Be6 24. Qe2 Qb5 25. Re1 Qd5 26. d4 exd4 27. cxd4 Bf5 28.
Bxf5 Qxf5 29. Nb3 Bf6 30. Red1 Rb5 31. Rac1 Rbd5 32. Qc2 Nge7 33. Re1 Qxc2 34.
Rxc2 Nf5 35. Nb6 cxb6 36. Rxc6 bxa5 37. Rxa6 Re8 38. Rxa5 Rxa5 39. Nxa5 Nxd4 40.
Rd1 Nc2 41. Nc4 Rc8 42. b3 Na3 43. Na5 Nb5 44. Rd5 Nc3 45. Rd3 Nb5 46. Rd5 Nc3
47. Rd7 Ra8 48. Nc6 Ra3 49. Nxb4 1/2-1/2

[Event "39th Olympiad Women"]
[Site "Khanty-Mansiysk RUS"]
[Date "2010.10.03"]
[Round "11"]
[White "Bodnaruk, Anastasia"]
[Black "Galliamova, Alisa"]
[Result "1/2-1/2"]
[WhiteTitle "IM"]
[BlackTitle "IM"]
[WhiteElo "2399"]
[BlackElo "2482"]
[Board "1.3"]
[WhiteTeam "RUS2"]
[BlackTeam "RUS1"]
[WhiteFideId "4181751"]
[BlackFideId "4129725"]
[EventDate "2010.09.21"]
[EventType "team"]

1. e4 c5 2. Nf3 d6 3. d4 cxd4 4. Qxd4 Nc6 5. Bb5 Bd7 6. Bxc6 Bxc6 7. Nc3 Nf6 8.
Bg5 e6 9. O-O-O Be7 10. Rhe1 O-O 11. e5 dxe5 12. Nxe5 Qxd4 13. Rxd4 Rfc8 14.
Nxc6 Rxc6 15. Ne4 Rac8 16. Re2 a6 17. Nxf6+ Bxf6 18. Bxf6 gxf6 19. c3 e5 20.
Rg4+ Kh8 21. Rd2 f5 22. Rg5 Rf6 23. Rd5 h6 24. Rh5 Re8 25. Kd2 Kg7 26. Ke2 Kg6
27. Rh3 f4 28. c4 e4 29. Kd2 b6 30. b3 Rfe6 31. Ke2 f5 32. Rc3 Rc6 33. Rc1 Kf6
34. Rcd1 Ke6 35. Rd7 Rg8 36. Rh7 Rg6 37. Rdd7 b5 38. Rhe7+ Kf6 39. Rf7+ Kg5 40.
Rd5 Rgf6 41. Rg7+ Rg6 42. Rf7 Rgf6 43. Rg7+ Rg6 44. Rf7 Rgf6 45. Rg7+ Rg6 1/2-1/2

[Event "39th Olympiad Women"]
[Site "Khanty-Mansiysk RUS"]
[Date "2010.10.03"]
[Round "11"]
[White "Gunina, Valentina"]
[Black "Kashlinskaya, Alina"]
[Result "1-0"]
[WhiteTitle "WGM"]
[BlackTitle "WGM"]
[WhiteElo "2465"]
[BlackElo "2358"]
[Board "1.4"]
[WhiteTeam "RUS1"]
[BlackTeam "RUS2"]
[WhiteFideId "4167570"]
[BlackFideId "4198026"]
[EventDate "2010.09.21"]
[EventType "team"]

1. d4 Nf6 2. Nf3 e6 3. c4 c5 4. d5 b5 5. Bg5 exd5 6. cxd5 d6 7. e4 a6 8. a4 Be7
9. Bxf6 Bxf6 10. axb5 O-O 11. Bd3 Bxb2 12. Ra2 Bf6 13. O-O Bb7 14. Nbd2 axb5 15.
Rxa8 Bxa8 16. Bxb5 Nd7 17. Qb3 Ne5 18. Nxe5 Bxe5 19. Nc4 Bd4 20. Bc6 Qf6 21. Qa4
Rb8 22. h3 Qd8 23. Bxa8 Rxa8 24. Qc6 Ra2 25. Qxd6 Qxd6 26. Nxd6 Re2 27. Nb7 c4
28. d6 Bf6 29. e5 Rxe5 30. Rd1 Re8 31. d7 Rb8 32. Re1 Kf8 33. Nd6 Be7 34. Nc8 c3
35. Rxe7 1-0

[Event "39th Olympiad Women"]
[Site "Khanty-Mansiysk RUS"]
[Date "2010.10.03"]
[Round "11"]
[White "Zhukova, Natalia"]
[Black "Ju, Wenjun"]
[Result "0-1"]
[WhiteTitle "GM"]
[BlackTitle "WGM"]
[WhiteElo "2499"]
[BlackElo "2516"]
[Board "2.2"]
[WhiteTeam "UKR"]
[BlackTeam "CHN"]
[WhiteFideId "14101513"]
[BlackFideId "8603006"]
[EventDate "2010.09.21"]
[EventType "team"]

1. d4 Nf6 2. c4 g6 3. Nc3 Bg7 4. e4 d6 5. Bg5 h6 6. Be3 Ng4 7. Bc1 c5 8. d5 Bd4
9. Nh3 e5 10. dxe6 Bxe6 11. Be2 Qh4 12. O-O Nc6 13. Nd5 Bxd5 14. g3 Qxh3 15.
Bxg4 Qxg4 16. Qxg4 Ne5 17. Qe2 Bxc4 18. Qd1 Bxf1 19. Kxf1 O-O-O 20. Rb1 Nc6 21.
a3 h5 22. h3 Rhe8 23. b4 Rxe4 24. Bf4 a6 25. Qb3 Re7 26. Qd5 Re6 27. b5 axb5 28.
Rxb5 Rde8 29. Rb1 R8e7 30. Bxd6 Re8 31. Bxc5 Re5 32. Qxf7 Nd8 33. Qxe8 Rxe8 34.
Bxd4 Re4 35. Bb6 Nc6 36. Rb3 Kd7 37. Kg2 Ne5 38. Be3 Kc8 39. Rb6 Nc6 40. Rb3 Re5
41. Rd3 Re6 42. Bb6 Rf6 43. g4 hxg4 44. hxg4 Rf4 45. f3 Rf8 46. Rd5 Nb8 47. Rd6
Nd7 48. Bd4 Rg8 49. Kg3 Kc7 50. Re6 b5 51. f4 Ra8 52. Bb2 Rg8 53. Kh4 Nc5 54.
Re3 Kd6 55. Be5+ Kd5 56. Kg5 Ne4+ 57. Kh6 g5 58. Rd3+ Ke6 59. Rd4 Nf2 60. Kh7
Ra8 61. Rd6+ Ke7 62. Rb6 gxf4 63. g5 f3 64. g6 Ne4 65. Bd4 f2 66. Bxf2 Nxf2 67.
g7 Ng4 68. Rb7+ Kd6 69. Rf7 Ke6 70. Rf8 Ra7 71. Rf4 Nf6+ 72. Kg6 Rxg7+ 0-1

[Event "39th Olympiad Women"]
[Site "Khanty-Mansiysk RUS"]
[Date "2010.10.03"]
[Round "11"]
[White "Socko, Monika"]
[Black "Dzagnidze, Nana"]
[Result "1-0"]
[WhiteTitle "GM"]
[BlackTitle "GM"]
[WhiteElo "2486"]
[BlackElo "2534"]
[Board "3.1"]
[WhiteTeam "POL"]
[BlackTeam "GEO"]
[WhiteFideId "1106619"]
[BlackFideId "13601903"]
[EventDate "2010.09.21"]
[EventType "team"]

1. d4 Nf6 2. c4 e6 3. Nc3 Bb4 4. e3 O-O 5. Ne2 d5 6. a3 Be7 7. cxd5 exd5 8. b4
c6 9. Ng3 b5 10. Bd2 Re8 11. Bd3 Nbd7 12. a4 Bxb4 13. axb5 c5 14. O-O c4 15. Bc2
a5 16. e4 dxe4 17. Ncxe4 Bb7 18. Bxb4 Nxe4 19. Bxe4 Bxe4 20. Nxe4 Rxe4 21. Bc3
Nf6 22. Qf3 a4 23. d5 Qxd5 24. Rfd1 Qe6 25. b6 Re8 26. b7 Nd7 27. h3 Nb8 28.
Rxa4 f6 29. Ra8 Qc6 30. Rb1 R4e6 31. Qg3 Qd6 32. Qxd6 Rxd6 33. Re1 Rdd8 34.
Rxe8+ Rxe8 35. Ba5 Kf7 36. Bc7 c3 37. Bxb8 Re7 38. Bc7 c2 39. Ra1 Rd7 40. b8=Q
Rd1+ 41. Kh2 1-0

[Event "39th Olympiad Women"]
[Site "Khanty-Mansiysk RUS"]
[Date "2010.10.03"]
[Round "11"]
[White "Javakhishvili, Lela"]
[Black "Zawadzka, Jolanta"]
[Result "1-0"]
[WhiteTitle "IM"]
[BlackTitle "WGM"]
[WhiteElo "2451"]
[BlackElo "2410"]
[Board "3.2"]
[WhiteTeam "GEO"]
[BlackTeam "POL"]
[WhiteFideId "13601458"]
[BlackFideId "1122320"]
[EventDate "2010.09.21"]
[EventType "team"]

1. d4 Nf6 2. c4 g6 3. g3 Bg7 4. Bg2 d6 5. Nf3 O-O 6. O-O Nc6 7. Nc3 Bg4 8. d5
Na5 9. b3 c5 10. Bb2 a6 11. Nd2 Rb8 12. Qc2 b5 13. Rae1 Qc7 14. Nd1 e5 15. f4
bxc4 16. bxc4 Ne8 17. Bc3 exf4 18. gxf4 Nb7 19. Nf2 Bd7 20. Bxg7 Nxg7 21. e4
Rfe8 22. Nd3 Qa5 23. Rb1 Ba4 24. Qc1 Qd8 25. Qc3 Qa5 26. Rfc1 Bd7 27. Rb3 Qxc3
28. Rcxc3 Bc8 29. Rb6 Ra8 30. e5 Rd8 31. Ne4 Ne8 32. Rc1 Ra7 33. exd6 Nexd6 34.
Ndxc5 Nxc5 35. Rxd6 Rxd6 36. Nxd6 Bd7 37. Ne4 Nd3 38. Rd1 Nxf4 39. Nf6+ Kf8 40.
c5 Ba4 41. Rd2 Ke7 42. Ne4 f5 43. Nc3 Be8 44. Bf3 g5 45. d6+ Kd8 46. c6 Ne6 47.
Rb2 Kc8 48. Bd5 Nd4 49. c7 Nb5 50. Nxb5 axb5 51. Be6+ Bd7 52. Bxd7+ Kxd7 53.
Rxb5 Rxa2 54. Rb8 Rc2 55. Rd8+ 1-0

[Event "39th Olympiad Women"]
[Site "Khanty-Mansiysk RUS"]
[Date "2010.10.03"]
[Round "11"]
[White "Khotenashvili, Bela"]
[Black "Dworakowska, Joanna"]
[Result "1-0"]
[WhiteTitle "IM"]
[BlackTitle "IM"]
[WhiteElo "2464"]
[BlackElo "2315"]
[Board "3.4"]
[WhiteTeam "GEO"]
[BlackTeam "POL"]
[WhiteFideId "13602640"]
[BlackFideId "1107445"]
[EventDate "2010.09.21"]
[EventType "team"]

1. d4 Nf6 2. c4 g6 3. Nc3 Bg7 4. Nf3 O-O 5. g3 d6 6. Bg2 Bg4 7. h3 Bxf3 8. Bxf3
Nc6 9. Be3 Nd7 10. h4 e5 11. Bxc6 bxc6 12. d5 c5 13. Qd2 Nb6 14. b3 a5 15. h5 f5
16. Bh6 Qf6 17. hxg6 hxg6 18. a4 e4 19. Bxg7 Qxg7 20. Rc1 Nd7 21. g4 Rae8 22.
gxf5 Rxf5 23. Qh6 Nf6 24. Nb5 Re7 25. Qxg7+ Kxg7 26. Rg1 Rf7 27. Rc3 Nh5 28. Re3
Rxf2 29. Nxc7 Rh2 30. Ne8+ Kh6 31. Nxd6 Re7 32. Rxe4 Rd7 33. Ne8 Rh3 34. Reg4
Rxb3 35. Rxg6+ Kh7 36. Nf6+ Nxf6 37. Rxf6 Rh3 38. Rg4 Rb7 39. Kf2 Rh2+ 40. Kf3
Rb3+ 41. e3 Rh3+ 42. Rg3 Rxg3+ 43. Kxg3 Rxe3+ 44. Kf4 Rc3 45. Ke5 Rxc4 46. d6
Rd4 47. Rf4 Rd1 48. Ke6 Kg7 49. d7 Rd2 50. Ke7 Re2+ 51. Kd6 Rd2+ 52. Kc7 1-0

[Event "39th Olympiad Women"]
[Site "Khanty-Mansiysk RUS"]
[Date "2010.10.03"]
[Round "11"]
[White "Linares Napoles, Oleiny"]
[Black "Medic, Mirjana"]
[Result "1/2-1/2"]
[WhiteTitle "WIM"]
[BlackTitle "WGM"]
[WhiteElo "2328"]
[BlackElo "2264"]
[Board "4.2"]
[WhiteTeam "CUB"]
[BlackTeam "CRO"]
[WhiteFideId "3504794"]
[BlackFideId "14501619"]
[EventDate "2010.09.21"]
[EventType "team"]

1. e4 e6 2. d4 d5 3. Nc3 Bb4 4. e5 Ne7 5. Bd2 c5 6. a3 Bxc3 7. Bxc3 b6 8. b4
cxd4 9. Qxd4 Nbc6 10. Qg4 Nf5 11. Nf3 Qc7 12. Rd1 Bd7 13. Bb2 Nce7 14. Bd3 a6
15. Qh3 Ng6 16. g3 Nfe7 17. Qf1 O-O 18. Qe2 Bb5 19. Bxb5 axb5 20. h4 Rfc8 21. h5
Nf8 22. Rd2 Qc4 23. O-O Nf5 24. Re1 h6 25. Rd3 Qxc2 26. g4 Ne7 27. Nd4 Qa4 28.
Rg3 Rc4 29. Qd3 Nc6 30. g5 hxg5 31. Rxg5 Nxd4 32. Bxd4 Qc2 33. Qg3 g6 34. hxg6
Nxg6 35. Bxb6 Rc3 36. Qg4 Raxa3 37. Bc5 Rab3 38. Kg2 Kg7 39. Qh5 Rb1 40. Rxb1
Qxb1 41. Kh2 Qe4 42. Be7 Qf4+ 43. Kg2 Qe4+ 44. Kh2 Qf4+ 1/2-1/2

[Event "39th Olympiad Women"]
[Site "Khanty-Mansiysk RUS"]
[Date "2010.10.03"]
[Round "11"]
[White "Abrahamyan, Tatev"]
[Black "Karavade, Eesha"]
[Result "1-0"]
[WhiteTitle "WFM"]
[BlackTitle "IM"]
[WhiteElo "2352"]
[BlackElo "2365"]
[Board "5.3"]
[WhiteTeam "USA"]
[BlackTeam "IND"]
[WhiteFideId "13301918"]
[BlackFideId "5012600"]
[EventDate "2010.09.21"]
[EventType "team"]

1. e4 c5 2. Nf3 d6 3. d4 cxd4 4. Nxd4 Nf6 5. Nc3 a6 6. Be3 e5 7. Nb3 Be6 8. Qd2
Nbd7 9. O-O-O Rc8 10. f3 h5 11. Kb1 Be7 12. Bd3 b5 13. h3 h4 14. f4 Qc7 15. Rhe1
Bc4 16. a3 Rb8 17. Na2 Bd8 18. Nb4 Qb7 19. Nd5 Nxd5 20. exd5 Bxd3 21. Qxd3 O-O
22. Bd2 Qa7 23. Bc3 exf4 24. Nd4 Ne5 25. Qf5 Qc7 26. Nc6 Bf6 27. Nxb8 Rxb8 28.
Qxf4 Rc8 29. Qf2 a5 30. Re4 Ra8 31. Rf4 b4 32. axb4 axb4 33. Rxb4 Nd7 34. Bxf6
Qa5 35. c3 Nxf6 36. Qf3 Qa2+ 37. Kc2 Re8 38. Rxh4 Re5 39. Rhd4 Qa6 40. Qd3 Qa7
41. Qb5 Qe7 42. Qb8+ Kh7 43. Rh4+ Kg6 44. Qb5 Re3 45. Rd3 Re2+ 46. Rd2 Re3 47.
Qc4 Ne4 48. Rg4+ Kh7 49. Qd4 Nf6 50. Rf4 Re5 51. Qd3+ Kg8 52. Rb4 g6 53. Qf3 Kg7
54. Rf4 Ne4 55. Rd1 Nc5 56. Rf1 Re2+ 57. Kd1 1-0

[Event "39th Olympiad Women"]
[Site "Khanty-Mansiysk RUS"]
[Date "2010.10.03"]
[Round "11"]
[White "Meenakshi, Subbaraman"]
[Black "Baginskaite, Camilla"]
[Result "1/2-1/2"]
[WhiteTitle "WGM"]
[BlackTitle "WGM"]
[WhiteElo "2336"]
[BlackElo "2328"]
[Board "5.4"]
[WhiteTeam "IND"]
[BlackTeam "USA"]
[WhiteFideId "5004381"]
[BlackFideId "2014599"]
[EventDate "2010.09.21"]
[EventType "team"]

1. d4 Nf6 2. c4 e6 3. Nf3 b6 4. g3 Bb7 5. Bg2 Be7 6. O-O O-O 7. Re1 a5 8. Nc3
Ne4 9. Nxe4 Bxe4 10. Ne5 Bxg2 11. Kxg2 d6 12. Nf3 d5 13. cxd5 exd5 14. Bf4 Bb4
15. Rf1 Bd6 16. Qd2 Nc6 17. Rac1 Ne7 18. Rc2 Qd7 19. Rfc1 Rfc8 20. h4 h6 21. Ne5
Bxe5 22. Bxe5 c6 23. Bf4 h5 24. Qd3 Qe6 25. Qf3 Nf5 26. Rd2 Qg6 27. Kh2 Re8 28.
e3 Re4 29. Rdc2 Re6 30. Bc7 b5 31. Bf4 a4 32. Rc5 Ne7 33. Bg5 f6 34. Bf4 Qf5 35.
Qe2 Re8 36. Qc2 Qg4 37. Rf1 Qf3 38. Qd1 Qg4 39. Qxg4 hxg4 40. Bc7 Ra8 41. Rfc1
Kf7 42. R5c2 Ke8 43. Bb6 Kd7 44. Bc5 Nf5 45. Kg2 Rh8 46. Rc3 Ra8 47. Ra3 Ree8
48. Ra1 Ra6 49. Bb4 g6 50. Re1 Raa8 51. Ra1 Ra6 52. Rh1 Rh8 53. Rd1 Re8 54. Bc5
Rb8 55. Bb4 Re8 56. Rc3 Raa8 57. Rh1 Rh8 58. Ra3 Ra6 59. Bc5 Rb8 60. h5 gxh5 61.
Rxh5 Ke6 62. Rc3 b4 63. Rc1 b3 64. a3 Raa8 65. Rch1 Rb7 66. Kf1 Rg8 67. Ke2 Nd6
68. Bxd6 Kxd6 69. Kd3 Rf7 70. Rh7 Rxh7 71. Rxh7 Ra8 72. Rh6 Ke6 73. Kc3 Rb8 74.
Rh4 Kf5 75. Kd3 Rb5 76. Rh5+ Ke6 77. Rh7 c5 78. Ra7 c4+ 79. Kd2 Kf5 80. Rxa4 Rb6
81. Ra7 Ke4 82. Rh7 Kf3 83. Rh2 Ra6 84. Kc3 Ra4 85. Kd2 Ra6 86. Kc3 Ra4 87. Rh6
Ra6 88. Rh2 Ra4 1/2-1/2

[Event "39th Olympiad Women"]
[Site "Khanty-Mansiysk RUS"]
[Date "2010.10.03"]
[Round "11"]
[White "Hoang, Thi Bao Tram"]
[Black "Mamedjarova, Zeinab"]
[Result "0-1"]
[WhiteTitle "WGM"]
[BlackTitle "WGM"]
[WhiteElo "2285"]
[BlackElo "2234"]
[Board "6.1"]
[WhiteTeam "VIE"]
[BlackTeam "AZE"]
[WhiteFideId "12401102"]
[BlackFideId "13401521"]
[EventDate "2010.09.21"]
[EventType "team"]

1. d4 c5 2. c3 Nf6 3. Nf3 b6 4. Bf4 Bb7 5. e3 e6 6. Nbd2 Be7 7. Bd3 O-O 8. Qb1
h6 9. h3 Nc6 10. Bh2 d6 11. O-O Rc8 12. Rd1 Rc7 13. Nc4 Rd7 14. Be2 b5 15. Ncd2
Qb6 16. a4 a6 17. axb5 axb5 18. c4 b4 19. Nb3 Re8 20. Bg3 Nb8 21. Nfd2 cxd4 22.
exd4 e5 23. d5 Na6 24. Qd3 Qd8 25. Nf1 Rc7 26. Ne3 Nd7 27. Nf5 Nac5 28. Nxe7+
Qxe7 29. Nxc5 Nxc5 30. Qf3 Bc8 31. Ra8 f5 32. Qh5 Kh7 33. Bh4 Qf8 34. f4 g6 35.
Qf3 exf4 36. Bf2 Ba6 37. Rxe8 Qxe8 38. Bf1 Ne4 39. Qxf4 Bxc4 40. Be3 Kg8 41. Rc1
g5 42. Qf3 f4 43. Bxc4 fxe3 44. Qxe3 Qe5 45. b3 Qf4 46. Qxf4 gxf4 47. Rc2 Ra7
48. Kf1 Re7 49. Ke2 Ng5+ 50. Kf1 Kg7 51. h4 Nf7 52. Kf2 Re3 53. Ra2 Ne5 54. Ra6
Ng4+ 55. Kf1 Rc3 56. Rxd6 Rc2 57. Be2 Rc1+ 58. Bd1 Rxd1+ 59. Ke2 Rd4 60. Rb6 Nf6
61. d6 Kg6 62. d7 Rxd7 63. Rxb4 Kf5 64. Rb6 Rc7 65. Kd3 Rc3+ 66. Ke2 Re3+ 67.
Kf1 h5 68. b4 Ne4 69. g3 fxg3 70. b5 Rb3 71. Rb8 Rb1+ 72. Kg2 Rb2+ 73. Kg1 Kg4
74. Rf8 Rxb5 75. Rf1 Kxh4 76. Re1 Kh3 77. Kf1 Nd2+ 0-1

[Event "39th Olympiad Women"]
[Site "Khanty-Mansiysk RUS"]
[Date "2010.10.03"]
[Round "11"]
[White "Mamedjarova, Turkan"]
[Black "Pham, Le Thao Nguyen"]
[Result "0-1"]
[WhiteTitle "WGM"]
[BlackTitle "WIM"]
[WhiteElo "2301"]
[BlackElo "2304"]
[Board "6.2"]
[WhiteTeam "AZE"]
[BlackTeam "VIE"]
[WhiteFideId "13402005"]
[BlackFideId "12401226"]
[EventDate "2010.09.21"]
[EventType "team"]

1. d4 d5 2. Nf3 c6 3. e3 Nf6 4. Nbd2 Bf5 5. Be2 e6 6. O-O Nbd7 7. b3 Bd6 8. Bb2
Qb8 9. h3 O-O 10. Nh4 Re8 11. c4 Be4 12. cxd5 exd5 13. Nxe4 Nxe4 14. Bd3 Re6 15.
Nf5 Bf8 16. Qg4 Qe8 17. Rfe1 g6 18. Bxe4 Rxe4 19. Qg3 Re6 20. Qg5 f6 21. Qg4 Kh8
22. Ng3 f5 23. Qf3 Nf6 24. Ne2 Bd6 25. Nf4 Bxf4 26. Qxf4 Qf7 27. Ba3 Qd7 28. Bc5
Kg7 29. Rac1 Ne4 30. f3 Nf6 31. a4 Rae8 32. g4 fxg4 33. hxg4 h5 34. g5 Nh7 35.
Rc2 Qf7 36. Qxf7+ Kxf7 37. Bxa7 Rxe3 38. Rxe3 Rxe3 39. f4 Rxb3 40. Bc5 Nf8 41.
Bd6 Ne6 42. Be5 Rb4 43. Bd6 Rxa4 44. Rb2 b5 0-1

[Event "39th Olympiad Women"]
[Site "Khanty-Mansiysk RUS"]
[Date "2010.10.03"]
[Round "11"]
[White "Nguyen, Thi Thanh An"]
[Black "Mammadova, Gulnar Marfat qizi"]
[Result "0-1"]
[WhiteTitle "WGM"]
[BlackTitle "WFM"]
[WhiteElo "2306"]
[BlackElo "2293"]
[Board "6.3"]
[WhiteTeam "VIE"]
[BlackTeam "AZE"]
[WhiteFideId "12400300"]
[BlackFideId "13403508"]
[EventDate "2010.09.21"]
[EventType "team"]

1. e4 g6 2. d4 Bg7 3. c4 d6 4. Nc3 e5 5. dxe5 Bxe5 6. Nf3 Bg7 7. Bd3 Ne7 8. O-O
O-O 9. Bg5 f6 10. Be3 Nbc6 11. Qd2 Be6 12. Rad1 Ne5 13. Nxe5 fxe5 14. c5 Nc6 15.
Nd5 Nd4 16. Bg5 Qd7 17. cxd6 cxd6 18. Kh1 Rae8 19. Bc4 Kh8 20. Rc1 Rc8 21. Be3
b5 22. Bxd4 bxc4 23. Bc3 Qb7 24. Rcd1 Rfd8 25. f3 Qb5 26. Qg5 Rf8 27. Qe7 Qd7
28. Qxd7 Bxd7 29. Bb4 Rc6 30. Ne7 Rb6 31. Ba3 Re8 32. Nd5 Rc6 33. Nc3 Bf8 34.
Rf2 a6 35. Rfd2 Re6 36. Kg1 Kg8 37. Nd5 Bc8 38. Rc2 a5 39. Ne3 Ba6 40. Rd5 Be7
41. Rxa5 Bd8 42. Rxa6 Rxa6 43. Nxc4 Bb6+ 44. Nxb6 Rxb6 45. Rc7 h5 46. Kf2 Kf8
47. Ke2 Re7 48. Rc2 Rd7 49. Rc8+ Kf7 50. Rh8 Kg7 51. Rc8 Kf7 52. Rc4 Ke6 53. Bb4
g5 54. a3 g4 55. Rc8 gxf3+ 56. gxf3 Rg7 57. Kf2 Rbb7 58. h4 Rbc7 59. Rxc7 Rxc7
60. Bc3 d5 61. exd5+ Kxd5 62. a4 Rc4 63. a5 Rxh4 64. Kg3 Rf4 65. Bd2 h4+ 66. Kg2
h3+ 67. Kxh3 Rxf3+ 68. Kg2 e4 69. Be1 Rf6 70. Bf2 Kc4 71. Bb6 Kd3 72. b4 e3 73.
Bd8 e2 74. Bxf6 e1=Q 75. Bd8 Qe4+ 76. Kg3 Qe5+ 77. Kh3 Qh8+ 0-1

[Event "39th Olympiad Women"]
[Site "Khanty-Mansiysk RUS"]
[Date "2010.10.03"]
[Round "11"]
[White "Umudova, Nargiz"]
[Black "Hoang, Thi Nhu Y"]
[Result "1/2-1/2"]
[WhiteTitle "WIM"]
[BlackTitle "WIM"]
[WhiteElo "2251"]
[BlackElo "2214"]
[Board "6.4"]
[WhiteTeam "AZE"]
[BlackTeam "VIE"]
[WhiteFideId "13402137"]
[BlackFideId "12401455"]
[EventDate "2010.09.21"]
[EventType "team"]

1. e4 c6 2. d4 d5 3. Nd2 dxe4 4. Nxe4 Nf6 5. Nxf6+ gxf6 6. c3 Bf5 7. Nf3 Qc7 8.
g3 e6 9. Bg2 Nd7 10. O-O O-O-O 11. Qe2 e5 12. Be3 Kb8 13. b4 Bd6 14. a4 Be6 15.
Nd2 f5 16. dxe5 Bxe5 17. Nc4 Bxc4 18. Qxc4 Nb6 19. Qc5 Qd6 20. Qa5 Rhe8 21. Rac1
Nc8 22. f4 Qd3 23. Bxa7+ Nxa7 24. fxe5 Qe3+ 25. Kh1 Rd2 26. b5 Qe2 27. Rg1 Rxe5
28. Qb4 cxb5 29. axb5 Nxb5 30. Rb1 Nd6 31. Qb6 Re7 32. Qd8+ Nc8 33. Qa5 Nd6 34.
Qd8+ Nc8 35. Qa5 Nd6 36. Qd8+ Nc8 1/2-1/2

[Event "39th Olympiad Women"]
[Site "Khanty-Mansiysk RUS"]
[Date "2010.10.03"]
[Round "11"]
[White "Voiska, Margarita"]
[Black "Levushkina, Elena"]
[Result "1-0"]
[WhiteTitle "WGM"]
[BlackTitle "WGM"]
[WhiteElo "2314"]
[BlackElo "2346"]
[Board "7.2"]
[WhiteTeam "BUL"]
[BlackTeam "GER"]
[WhiteFideId "2900602"]
[BlackFideId "14200686"]
[EventDate "2010.09.21"]
[EventType "team"]

1. d4 d5 2. Nf3 Nf6 3. c4 dxc4 4. e3 e6 5. Bxc4 c5 6. O-O a6 7. dxc5 Bxc5 8.
Qxd8+ Kxd8 9. Ne5 Ke7 10. Be2 Nbd7 11. Nc4 Ne4 12. Bf3 Ng5 13. Be2 Ne4 14. Nbd2
Ndf6 15. Bf3 Ng5 16. Nb3 Nxf3+ 17. gxf3 Ba7 18. Bd2 Nd7 19. Bb4+ Kf6 20. Rfd1
Nb6 21. Rac1 Nd5 22. Bc5 Bxc5 23. Nxc5 b6 24. Rxd5 exd5 25. Nxb6 Ra7 26. Nxc8
Rxc8 27. Nd7+ Rxd7 28. Rxc8 d4 29. Rc6+ Kf5 30. exd4 Kf4 31. Kg2 Rxd4 32. Rxa6
Rd2 33. Ra4+ Ke5 34. Rb4 Rd6 35. a4 Ra6 36. b3 Kd5 37. Rb7 Ke6 38. Rb5 Kd6 39.
a5 Kc7 40. Rc5+ Kb7 41. Rf5 Rg6+ 42. Kf1 f6 43. h4 Rh6 44. h5 Ka7 45. b4 g6 46.
hxg6 Rxg6 47. b5 Rh6 48. Rd5 Rh1+ 49. Kg2 Ra1 50. b6+ Kb7 51. Rd7+ Kb8 52. Rd5
Ra4 53. Rh5 Kc8 54. Kg3 Kb8 55. Rxh7 Rxa5 56. Rf7 Rg5+ 57. Kf4 Rg6 58. Kf5 Rg5+
59. Kxf6 Rb5 60. b7 Rb2 61. f4 Rxf2 62. f5 Rf1 63. Re7 1-0

[Event "39th Olympiad Women"]
[Site "Khanty-Mansiysk RUS"]
[Date "2010.10.03"]
[Round "11"]
[White "Ohme, Melanie"]
[Black "Nikolova, Adriana"]
[Result "1/2-1/2"]
[WhiteTitle "WIM"]
[BlackTitle "WIM"]
[WhiteElo "2311"]
[BlackElo "2295"]
[Board "7.3"]
[WhiteTeam "GER"]
[BlackTeam "BUL"]
[WhiteFideId "4690745"]
[BlackFideId "2908689"]
[EventDate "2010.09.21"]
[EventType "team"]

1. e4 c5 2. Nf3 Nc6 3. d4 cxd4 4. Nxd4 Nf6 5. Nc3 d6 6. Bg5 Bd7 7. Be2 Qa5 8.
Bxf6 gxf6 9. O-O Nxd4 10. Qxd4 Rc8 11. Nd5 Qc5 12. Qd3 Qxc2 13. Qe3 Qc5 14. Qb3
b5 15. Rfd1 Bg7 16. Qg3 Rg8 17. Qf4 a6 18. Rac1 Qa7 19. Rxc8+ Bxc8 20. Rc1 Qb8
21. Rc7 Bf8 22. Bh5 Rg7 23. Qc1 Bd7 24. h3 Kd8 25. Qc3 b4 26. Qd4 Bxh3 27. g3
Rg5 28. Rc4 Rxh5 29. Rxb4 Qc8 30. Rc4 Qb7 31. Rb4 Qc8 1/2-1/2

[Event "39th Olympiad Women"]
[Site "Khanty-Mansiysk RUS"]
[Date "2010.10.03"]
[Round "11"]
[White "Videnova, Iva"]
[Black "Fuchs, Judith"]
[Result "1/2-1/2"]
[WhiteTitle "WIM"]
[BlackTitle "WIM"]
[WhiteElo "2283"]
[BlackElo "2237"]
[Board "7.4"]
[WhiteTeam "BUL"]
[BlackTeam "GER"]
[WhiteFideId "2907763"]
[BlackFideId "24605611"]
[EventDate "2010.09.21"]
[EventType "team"]

1. e4 c6 2. Ne2 d5 3. e5 c5 4. d4 Nc6 5. c3 cxd4 6. cxd4 Bf5 7. Nbc3 e6 8. Ng3
Bg6 9. Be3 Qb6 10. Qd2 Nge7 11. Rc1 Nf5 12. Nxf5 Bxf5 13. Na4 Bb4 14. Nxb6 Bxd2+
15. Kxd2 axb6 16. a3 Ke7 17. Rc3 Rhc8 18. Be2 f6 19. Rhc1 fxe5 20. dxe5 d4 21.
Bg5+ Kf7 22. Rc4 Be4 23. Bh5+ g6 24. Bf3 Bxf3 25. gxf3 Kg8 26. f4 Rf8 27. Rxc6
bxc6 28. Rxc6 b5 29. Rxe6 b4 30. axb4 Rab8 31. Rd6 Rxb4 32. Ke2 Rxb2+ 33. Kf3
Rb3+ 34. Ke4 d3 35. Bf6 Rb2 36. Rxd3 Rxf2 37. h4 Re2+ 38. Kf3 Re1 39. Rd7 Rf7
40. Rd8+ Rf8 41. Rd2 Rf1+ 1/2-1/2